A manifesto for theological interpretation / (Record no. 8572)
[ view plain ]
| 000 -LEADER | |
|---|---|
| fixed length control field | 02348nam a22002297a 4500 |
| 003 - CONTROL NUMBER IDENTIFIER | |
| control field | GBCCL |
| 005 - DATE AND TIME OF LATEST TRANSACTION | |
| control field | 20241126110653.0 |
| 008 - FIXED-LENGTH DATA ELEMENTS--GENERAL INFORMATION | |
| fixed length control field | 210412b ||||| |||| 00| 0 eng d |
| 020 ## - INTERNATIONAL STANDARD BOOK NUMBER | |
| International Standard Book Number | 9780801030871 |
| 020 ## - INTERNATIONAL STANDARD BOOK NUMBER | |
| International Standard Book Number | 0801030870 |
| 040 ## - CATALOGING SOURCE | |
| Transcribing agency | GBC |
| 082 ## - DEWEY DECIMAL CLASSIFICATION NUMBER | |
| Classification number | 220.601 |
| Item number | MAN |
| 245 ## - TITLE STATEMENT | |
| Title | A manifesto for theological interpretation / |
| Statement of responsibility, etc. | edited by Craig G. Bartholomew and Heath A. Thomas. |
| 260 ## - PUBLICATION, DISTRIBUTION, ETC. | |
| Place of publication, distribution, etc. | Grand Rapids, Michigan : |
| Name of publisher, distributor, etc. | Baker Academic, a division of Baker Publishing Group, |
| Date of publication, distribution, etc. | [2016] |
| 300 ## - PHYSICAL DESCRIPTION | |
| Extent | xi, 292 pages ; |
| Dimensions | 23 cm |
| 505 ## - FORMATTED CONTENTS NOTE | |
| Formatted contents note | Recent decades have witnessed a renaissance of theological interpretation. Craig Bartholomew, coauthor of the bestselling The Drama of Scripture, and Heath Thomas bring together a team of specialists to articulate a multifaceted vision for returning rigorous biblical interpretation to the context of the church. Developed by the internationally recognized Scripture and Hermeneutics Seminar, this book is designed to bring clarity and unity to the enterprise of theological interpretation. It positively integrates multiple approaches to interpreting the Bible, combining academic rigor with pastoral sensitivity for professors, students, and church leaders. |
| 505 ## - FORMATTED CONTENTS NOTE | |
| Formatted contents note | History and reemergence of theological interpretation / Angus Paddison --<br/>Doctrine of scripture and theological interpretation / Michael W. Goheen and Michael D. Williams --<br/>Ecclesia as primary context for the reception of the Bible / Robby Holt and Aubrey Spears --<br/>Theological interpretation and historical criticism / Murray Rae --<br/>Role of hermeneutics and philosophy in theological interpretation / William P. Olhausen --<br/>Canon and theological interpretation / Stephen G. Dempster --<br/>Biblical theology and theological interpretation / David J.H. Beldman and Jonathan Swales --<br/>Mission and theological interpretation / Michael W. Goheen and Christopher J.H. Wright --<br/>Telos (Goal) of theological interpretation / Heath A. Thomas --<br/>Framework for theological interpretation / Denis Farkasfalvy --<br/>Theological commentary / Mark Gignilliat and Jonathan T. Pennington --<br/>Theological interpretation for all of life / Craig G. Batholomew and Matthew Y. Emerson. |
| 650 ## - SUBJECT ADDED ENTRY--TOPICAL TERM | |
| Topical term or geographic name entry element | Bible |
| Form subdivision | Criticism, interpretation, etc. |
| 9 (RLIN) | 10044 |
| 650 ## - SUBJECT ADDED ENTRY--TOPICAL TERM | |
| Topical term or geographic name entry element | Bible |
| Form subdivision | Criticism, Interpretation, etc. |
| 9 (RLIN) | 10044 |
| 650 ## - SUBJECT ADDED ENTRY--TOPICAL TERM | |
| Topical term or geographic name entry element | Bible. |
| 9 (RLIN) | 5 |
| 942 ## - ADDED ENTRY ELEMENTS (KOHA) | |
| Source of classification or shelving scheme | Dewey Decimal Classification |
| Koha item type | Books |
| Withdrawn status | Lost status | Source of classification or shelving scheme | Damaged status | Not for loan | Home library | Current Library | Shelving location | Date acquired | Total checkouts | Full call number | Barcode | Date last seen | Date last checked out | Copy number | Price effective from | Koha item type |
|---|---|---|---|---|---|---|---|---|---|---|---|---|---|---|---|---|
| Dewey Decimal Classification | GRACE BIBLE COLLEGE | GRACE BIBLE COLLEGE | Biblical Studies | 2021-04-12 | 1 | 220.601 MAN | 020220 | 2026-02-16 | 2026-02-13 | c.1 | 2021-04-12 | Books | ||||
| Dewey Decimal Classification | GRACE BIBLE COLLEGE | GRACE BIBLE COLLEGE | Biblical Studies | 2023-10-14 | 220.601 MAN | 020602 | 2025-05-01 | c.2 | 2023-10-14 | Books |